Working with wildlife (Record no. 103556)
[ view plain ]
| 000 -LEADER | |
|---|---|
| fixed length control field | 02095cam a2200397 4500 |
| 008 - FIXED-LENGTH DATA ELEMENTS--GENERAL INFORMATION | |
| fixed length control field | 040428n2004 000 0 eng u |
| 020 ## - INTERNATIONAL STANDARD BOOK NUMBER | |
| International Standard Book Number | 0860175871 |
| 035 ## - SYSTEM CONTROL NUMBER | |
| System control number | (Sirsi) u126044 |
| 041 ## - LANGUAGE CODE | |
| Language code of text/sound track or separate title | eng |
| 050 ## - LIBRARY OF CONGRESS CALL NUMBER | |
| Classification number | 333.72 |
| -- | 18 |
| 100 ## - MAIN ENTRY--PERSONAL NAME | |
| Personal name | Newton, John |
| 245 ## - TITLE STATEMENT | |
| Title | Working with wildlife |
| Remainder of title | a resource and training pack for the construction industry. |
| 260 ## - PUBLICATION, DISTRIBUTION, ETC. | |
| Place of publication, distribution, etc. | London |
| Name of publisher, distributor, etc. | CIRIA |
| Date of publication, distribution, etc. | 2004 |
| 300 ## - PHYSICAL DESCRIPTION | |
| Extent | 1v. (loose-leaf) |
| Dimensions | 31cm. |
| 350 ## - PRICE (NR) (BK AM CF MU VM SE) [OBSOLETE] | |
| Price | 95 |
| 505 ## - FORMATTED CONTENTS NOTE | |
| Formatted contents note | Introduction to ecology and construction |
| 505 ## - FORMATTED CONTENTS NOTE | |
| Formatted contents note | Backgroud to ecology |
| 505 ## - FORMATTED CONTENTS NOTE | |
| Formatted contents note | Basic ecological concepts |
| 505 ## - FORMATTED CONTENTS NOTE | |
| Formatted contents note | Ecology and construction |
| 505 ## - FORMATTED CONTENTS NOTE | |
| Formatted contents note | Survey and assessment |
| 505 ## - FORMATTED CONTENTS NOTE | |
| Formatted contents note | Legislation, planning policy and guidance |
| 505 ## - FORMATTED CONTENTS NOTE | |
| Formatted contents note | Who's who in ecology |
| 505 ## - FORMATTED CONTENTS NOTE | |
| Formatted contents note | Where next? |
| 520 ## - SUMMARY, ETC. | |
| Summary, etc. | This mixed-media pack presents information and guidance to enable a wide range of people involved with the construction industry to stay within the law relating to wildlife, and to understand and implement good practice in protecting wildlife on development and construction projects. The first section describes how to use the pack and how to implement the training sessions. Includes: background notes on the fundamentals of ecology; an introduction to legislation governing wildlife and construction issues; practical guidance on dealing with wildlife on sites; and references and a gazetteer of useful organisations. Supporting materials include: briefing sheets on individual species and the different types of habitat; toolbox talks; and a quiz for training session delegates. A 32-page pocket book (publication C613) is included in the pack. An accompanying CD Rom is available for reference use in the library. |
| 650 ## - SUBJECT ADDED ENTRY--TOPICAL TERM | |
| Topical term or geographic name entry element | BIODIVERSITY |
| 650 ## - SUBJECT ADDED ENTRY--TOPICAL TERM | |
| Topical term or geographic name entry element | BUILDING ECOLOGY |
| 650 ## - SUBJECT ADDED ENTRY--TOPICAL TERM | |
| Topical term or geographic name entry element | ECOLOGICAL CONSIDERATIONS |
| 650 ## - SUBJECT ADDED ENTRY--TOPICAL TERM | |
| Topical term or geographic name entry element | Environment |
| 9 (RLIN) | 6238 |
| 650 ## - SUBJECT ADDED ENTRY--TOPICAL TERM | |
| Topical term or geographic name entry element | SUSTAINABLE DEVELOPMENT |
| 650 ## - SUBJECT ADDED ENTRY--TOPICAL TERM | |
| Topical term or geographic name entry element | ENVIRONMENTAL LAWS |
| 650 ## - SUBJECT ADDED ENTRY--TOPICAL TERM | |
| Topical term or geographic name entry element | SITE MANAGEMENT |
| 650 ## - SUBJECT ADDED ENTRY--TOPICAL TERM | |
| Topical term or geographic name entry element | SUSTAINABLE CONSTRUCTION |
| 650 ## - SUBJECT ADDED ENTRY--TOPICAL TERM | |
| Topical term or geographic name entry element | ECOLOGY |
| 690 ## - LOCAL SUBJECT ADDED ENTRY--TOPICAL TERM (OCLC, RLIN) | |
| Topical term or geographic name as entry element | BUILDING AND CONSTRUCTION-SUSTAINABLE |
| 942 ## - ADDED ENTRY ELEMENTS (KOHA) | |
| Suppress in OPAC | 0 |
| Withdrawn status | Lost status | Damaged status | Not for loan | Home library | Current library | Shelving location | Date acquired | Total Checkouts | Full call number | Barcode | Date last seen | Copy number | Price effective from | Koha item type |
|---|---|---|---|---|---|---|---|---|---|---|---|---|---|---|
| London | London | Books | 14/10/2004 | CIRIA REPORTS | 30069559 | 23/04/2024 | 1 | 06/08/2019 | Book |